Tehelka.com : (Record no. 126064)

MARC details
000 -LEADER
fixed length control field 00794nam a22002537a 4500
003 - CONTROL NUMBER IDENTIFIER
control field dpl
005 - DATE AND TIME OF LATEST TRANSACTION
control field 20180531134924.0
008 - FIXED-LENGTH DATA ELEMENTS--GENERAL INFORMATION
fixed length control field 180531b xxu||||| |||| 00| 0 eng d
010 ## - LIBRARY OF CONGRESS CONTROL NUMBER
LC control number B-059416
020 ## - INTERNATIONAL STANDARD BOOK NUMBER
Terms of availability 00.00
International Standard Book Number 818749834
035 ## - SYSTEM CONTROL NUMBER
System control number B-059416, B-059420
037 ## - SOURCE OF ACQUISITION
Source of stock number/acquisition Cen Lib/Ret
040 ## - CATALOGING SOURCE
Original cataloging agency DPL
Language of cataloging EN
Transcribing agency 0
082 ## - DEWEY DECIMAL CLASSIFICATION NUMBER
Classification number 364.1323
Item number JAI
100 ## - MAIN ENTRY--PERSONAL NAME
Personal name Jai, Janak Raj
9 (RLIN) 5661
245 ## - TITLE STATEMENT
Title Tehelka.com :
Statement of responsibility, etc by janak Raj Jai
Remainder of title tip of the iceberg /
260 ## - PUBLICATION, DISTRIBUTION, ETC. (IMPRINT)
Place of publication, distribution, etc New Delhi
Name of publisher, distributor, etc Regency publications
Date of publication, distribution, etc 2001
270 ## - ADDRESS
City New Delhi
Address 20/34, old market, west patel nagar
300 ## - PHYSICAL DESCRIPTION
Extent vii,109p.
Dimensions 21cm(Hb)
500 ## - GENERAL NOTE
General note Includes appendix
650 ## - SUBJECT ADDED ENTRY--TOPICAL TERM
Topical term or geographic name as entry element Weapons industry--Corrupt practices
9 (RLIN) 110076
650 ## - SUBJECT ADDED ENTRY--TOPICAL TERM
Topical term or geographic name as entry element Political corruption
9 (RLIN) 5961
942 ## - ADDED ENTRY ELEMENTS (KOHA)
Source of classification or shelving scheme Dewey Decimal Classification
Koha item type English Books
Classification part 364.1323
Call number suffix JAI
Holdings
Withdrawn status Lost status Damaged status Not for loan Home library Current library Date acquired Source of acquisition Cost, normal purchase price Total Checkouts Total Renewals Full call number Barcode Date last seen Date checked out Copy number Cost, replacement price Price effective from Koha item type Source of classification or shelving scheme Collection code
        Central Library Central Library 24/06/2015 Cen Lib/Ret 0.00 1 2 364.1323 JAI B-059416 04/03/2021 25/01/2021 1 0.00 24/06/2015 English Books    
        Shahdara Branch Shahdara Branch 31/05/2018 BPPD/PUB 0.00     364.1323 JAI B-059420 31/05/2018     0.00 31/05/2018 English Books Dewey Decimal Classification Non-fiction
        Shahdara Branch Shahdara Branch 31/05/2018 BPPD/PUB 0.00 1   364.1323 JAI B-182346 03/09/2021 23/08/2021   0.00 31/05/2018 English Books Dewey Decimal Classification Non-fiction

© Delhi Public Library
Hit Counter
free hit counter